[Event "IECC CL3-2006.17 email"]
[Site "IECC email"]
[Date "2006.12.27"]
[Round "?"]
[White "Holanda, Dogeval Ferreira"]
[Black "Jordan, Tanya"]
[Result "0-1"]
[WhiteElo "1910"]
[BlackElo "1953"]
[PlyCount "96"]
[EventDate "2006.??.??"]
[EventType "tourn (corr)"]
[EventRounds "4"]
[SourceTitle "Corr 2008"]
[Source "ChessBase"]
[SourceDate "2008.06.24"]
[SourceVersion "1"]
[SourceVersionDate "2008.06.24"]
[SourceQuality "1"]

1. e4 e6 2. d4 d5 3. e5 c5 4. c3 Qb6 5. Nf3 Nc6 6. Bd3 cxd4 7. 0-0 Bd7 8. a4 Nge7 9. Ra3 dxc3 10. Nxc3 Ng6 11. Rb3 Qc7 12. Nb5 Qb8 13. Be3 Ngxe5 14. Nxe5 Qxe5 15. Qc1 Qb8 16. Bf4 e5 17. Bxe5 Nxe5 18. Nc7+ Kd8 19. Nxa8 Bxa4 20. Rc3 Bc6 21. Rd1 Qxa8 22. Be4 Kc7 23. Bxd5 Bb4 24. Rb3 Qf8 25. Qf4 Bd6 26. Qe3 Qe7 27. Qxa7 Bb4 28. Qe3 Rd8 29. Rxb4 Rxd5 30. Rxd5 Bxd5 31. Rd4 Bc6 32. Rd1 f6 33. Qc3 b6 34. Ra1 Kb7 35. Qb3 Qd7 36. Qa3 Qg4 37. Qa8+ Kc7 38. Ra7+ Kd6 39. Qf8+ Kd5 40. h3 Qd1+ 41. Kh2 Qe2 42. Rxg7 Qxf2 43. Rg3 Qxb2 44. Rb3 Qf2 45. Qe7 h5 46. Rb1 h4 47. Kh1 Nd3 48. Qc7 b5 0-1

[Event "IECC CL3-2006.09 email"]
[Site "IECC email"]
[Date "2006.07.31"]
[Round "?"]
[White "Jordan, Tanya"]
[Black "Holanda, Dogeval Ferreira"]
[Result "1-0"]
[WhiteElo "1970"]
[BlackElo "1896"]
[PlyCount "71"]
[EventDate "2006.??.??"]
[EventType "tourn (corr)"]
[EventRounds "4"]
[SourceTitle "Corr 2015"]
[Source "ChessBase"]
[SourceDate "2015.07.17"]
[SourceVersion "1"]
[SourceVersionDate "2015.07.17"]
[SourceQuality "1"]
[WhiteTeam "England"]
[BlackTeam "Brazil"]
[WhiteTeamCountry "ENG"]
[BlackTeamCountry "BRA"]

1. d4 Nf6 2. c4 e6 3. Nf3 d5 4. Bg5 Be7 5. e3 0-0 6. Nc3 h6 7. Bxf6 Bxf6 8. Rc1 c6 9. Be2 Nd7 10. cxd5 exd5 11. 0-0 Be7 12. Qd2 Nf6 13. Qc2 Bd6 14. Ne5 Re8 15. f4 Be6 16. a3 Qe7 17. Bd3 Rad8 18. Na4 Ng4 19. Rf3 Rc8 20. b4 Nf6 21. Nc5 Rc7 22. Qa4 a6 23. Rg3 Qd8 24. Nxe6 Rxe6 25. Qd1 Re8 26. Bf5 Qe7 27. Qa4 Kh8 28. Qc2 Qd8 29. Rf1 Rce7 30. Rh3 a5 31. bxa5 Qxa5 32. g4 Ng8 33. g5 Rc7 34. gxh6 Nxh6 35. Ng4 Bf8 36. Kh1 1-0

[Event "IECC CL3-2006.09 email"]
[Site "IECC email"]
[Date "2006.07.31"]
[Round "?"]
[White "Nett, Philipp"]
[Black "Jordan, Tanya"]
[Result "1-0"]
[WhiteElo "1851"]
[BlackElo "1973"]
[PlyCount "77"]
[EventDate "2006.??.??"]
[EventType "tourn (corr)"]
[EventRounds "4"]
[SourceTitle "Corr 2015"]
[Source "ChessBase"]
[SourceDate "2015.07.17"]
[SourceVersion "1"]
[SourceVersionDate "2015.07.17"]
[SourceQuality "1"]
[WhiteTeam "Switzerland"]
[BlackTeam "England"]
[WhiteTeamCountry "SUI"]
[BlackTeamCountry "ENG"]

1. d4 d5 2. c4 dxc4 3. e4 e5 4. Nf3 exd4 5. Bxc4 Bb4+ 6. Nbd2 Nc6 7. 0-0 Nf6 8. e5 Nd7 9. e6 fxe6 10. Bxe6 Nb6 11. Bb3 Be7 12. Ne4 Na5 13. Bg5 Nxb3 14. Qxb3 Qd5 15. Qd3 Bd8 16. Bxd8 Kxd8 17. Nxd4 Bf5 18. f3 Kc8 19. Qc3 Na4 20. Qb4 Bd7 21. Rac1 Kb8 22. b3 Nb6 23. Rfd1 a5 24. Qe7 Re8 25. Qxg7 Qg8 26. Qxg8 Rxg8 27. Nf6 Rg7 28. g4 Bc8 29. Re1 Rg6 30. Nxh7 Bxg4 31. Nf8 Rg7 32. Re8+ Bc8+ 33. Kf2 a4 34. b4 Rf7 35. Nfe6 Nd5 36. a3 Ra6 37. Rg1 Nf6 38. Rh8 Rd6 39. Rg6 1-0

[Event "IECC M-5365"]
[Site "IECC email"]
[Date "2005.11.13"]
[Round "?"]
[White "Ralls, Richard Nelson"]
[Black "Jordan, Tanya"]
[Result "1-0"]
[WhiteElo "1753"]
[BlackElo "1938"]
[PlyCount "75"]
[EventDate "2005.??.??"]
[EventType "tourn (corr)"]
[EventRounds "10"]
[SourceTitle "Corr 2008"]
[Source "ChessBase"]
[SourceDate "2008.06.24"]
[SourceVersion "1"]
[SourceVersionDate "2008.06.24"]
[SourceQuality "1"]

1. d4 d5 2. c4 c6 3. Nf3 Nf6 4. Nc3 e6 5. e3 b6 6. Bd3 Ba6 7. b3 Bd6 8. 0-0 Nbd7 9. Re1 Bb7 10. e4 dxc4 11. Bxc4 e5 12. Ne2 b5 13. Bd3 0-0 14. Ng3 Bc7 15. Bb2 exd4 16. Bxd4 Ng4 17. a4 c5 18. Bb2 bxa4 19. Rxa4 Bc6 20. Ra6 Bb7 21. Ra2 Nge5 22. Be2 Nxf3+ 23. Bxf3 Ne5 24. Be2 Qh4 25. Qc2 Rfe8 26. Qc3 Bc6 27. Rf1 f6 28. f4 Ng4 29. h3 Nh6 30. Nh5 Re7 31. Bc4+ Kf8 32. e5 f5 33. Nf6 gxf6 34. exf6 Re4 35. Bd5 Bxd5 36. Qxc5+ Kf7 37. Qxc7+ Kg6 38. Qg7+ 1-0

[Event "IECC M-5292"]
[Site "IECC email"]
[Date "2005.08.03"]
[Round "?"]
[White "Fernandes, Fabio da Silva P"]
[Black "Jordan, Tanya"]
[Result "1/2-1/2"]
[WhiteElo "1900"]
[BlackElo "1915"]
[PlyCount "44"]
[EventDate "2005.??.??"]
[EventType "tourn (corr)"]
[EventRounds "10"]
[SourceTitle "Corr 2008"]
[Source "ChessBase"]
[SourceDate "2008.06.24"]
[SourceVersion "1"]
[SourceVersionDate "2008.06.24"]
[SourceQuality "1"]

1. e4 e5 2. Nf3 Nf6 3. Nxe5 d6 4. Nf3 Nxe4 5. Nc3 Nxc3 6. dxc3 Be7 7. Bf4 0-0 8. Qd2 Be6 9. 0-0-0 Nd7 10. Kb1 Nc5 11. Nd4 c6 12. Nxe6 fxe6 13. Be3 d5 14. f4 Ne4 15. Qc1 Qa5 16. Bd3 Rad8 17. Bxe4 dxe4 18. Rxd8 Bxd8 19. g4 Bc7 20. h4 Qb5 21. h5 Qe2 22. g5 Qf3 1/2-1/2

[Event "IECC M-5293"]
[Site "IECC email"]
[Date "2005.08.03"]
[Round "?"]
[White "Jordan, Tanya"]
[Black "Tunks, Andrew"]
[Result "1-0"]
[WhiteElo "1866"]
[BlackElo "1609"]
[PlyCount "37"]
[EventDate "2005.??.??"]
[EventType "tourn (corr)"]
[EventRounds "10"]
[SourceTitle "Corr 2020"]
[Source "ChessBase"]
[SourceDate "2019.09.30"]
[SourceVersion "1"]
[SourceVersionDate "2019.09.30"]
[SourceQuality "1"]
[WhiteTeam "England"]
[BlackTeam "England"]
[WhiteTeamCountry "ENG"]
[BlackTeamCountry "ENG"]

1. d4 Nf6 2. c4 e6 3. Nf3 Bb4+ 4. Bd2 c5 5. Bxb4 cxb4 6. e3 a5 7. Nbd2 0-0 8. Bd3 d6 9. Qc2 h6 10. Rg1 Nc6 11. g4 e5 12. g5 hxg5 13. Rxg5 exd4 14. 0-0-0 dxe3 15. fxe3 b3 16. Qxb3 Re8 17. Rdg1 g6 18. Bxg6 fxg6 19. Qc2 1-0

[Event "IECC M-5244"]
[Site "IECC email"]
[Date "2005.05.04"]
[Round "?"]
[White "Chadwick, Charles"]
[Black "Jordan, Tanya"]
[Result "1/2-1/2"]
[WhiteElo "1864"]
[BlackElo "1893"]
[PlyCount "51"]
[EventDate "2005.??.??"]
[EventType "tourn (corr)"]
[EventRounds "10"]
[SourceTitle "Corr 2020"]
[Source "ChessBase"]
[SourceDate "2019.09.30"]
[SourceVersion "1"]
[SourceVersionDate "2019.09.30"]
[SourceQuality "1"]
[WhiteTeam "Australia"]
[BlackTeam "England"]
[WhiteTeamCountry "AUS"]
[BlackTeamCountry "ENG"]

1. d4 Nf6 2. c4 c6 3. Nf3 d5 4. e3 Bg4 5. Qb3 Qb6 6. Ne5 Qxb3 7. axb3 Bf5 8. b4 dxc4 9. Bxc4 e6 10. b5 c5 11. dxc5 Bxc5 12. Nc3 Bd6 13. Nf3 Nbd7 14. b3 Ne5 15. Nxe5 Bxe5 16. Bb2 0-0 17. Na4 Bxb2 18. Nxb2 Rfd8 19. f3 Bg6 20. e4 Nd7 21. Ke2 Ne5 22. Rhd1 Rxd1 23. Rxd1 Kf8 24. Ke3 Ke7 25. Nd3 Nxd3 26. Bxd3 1/2-1/2

[Event "IECC CL3-2005.03 email"]
[Site "IECC email"]
[Date "2005.03.29"]
[Round "?"]
[White "Christensen, Hans Ulrich"]
[Black "Jordan, Tanya"]
[Result "0-1"]
[WhiteElo "1873"]
[BlackElo "1862"]
[PlyCount "74"]
[EventDate "2005.??.??"]
[EventType "tourn (corr)"]
[EventRounds "4"]
[SourceTitle "Corr 2015"]
[Source "ChessBase"]
[SourceDate "2015.07.17"]
[SourceVersion "1"]
[SourceVersionDate "2015.07.17"]
[SourceQuality "1"]

1. e4 e5 2. Nf3 Nf6 3. d4 Nxe4 4. Bd3 d5 5. dxe5 Nc6 6. 0-0 Bg4 7. Nbd2 Nxd2 8. Bxd2 Be7 9. Bf4 Nd4 10. Be2 Nxe2+ 11. Qxe2 0-0 12. h3 Bh5 13. c3 Qd7 14. g4 Bg6 15. Rfd1 h5 16. Nh2 hxg4 17. Nxg4 c6 18. Rd2 Qf5 19. Bg3 Qh5 20. Kg2 Rae8 21. Re1 Bc5 22. Ne3 Be4+ 23. f3 Bg6 24. Kh2 Rxe5 25. Bxe5 Qxe5+ 26. Kg2 Qf4 27. b4 Bb6 28. Ng4 f5 29. Nf2 Bh5 30. Rd3 Qg5+ 31. Kf1 Qg3 32. a4 f4 33. a5 Be3 34. Rxe3 fxe3 35. Qxe3 Rxf3 36. Qe6+ Kh7 37. Re2 Qh2 0-1

[Event "IECC CL3-2005.02 email"]
[Site "IECC email"]
[Date "2005.02.21"]
[Round "?"]
[White "Jordan, Tanya"]
[Black "Holanda, Dogeval Ferreira"]
[Result "1/2-1/2"]
[WhiteElo "1866"]
[BlackElo "1926"]
[PlyCount "77"]
[EventDate "2005.??.??"]
[EventType "tourn (corr)"]
[EventRounds "4"]
[SourceTitle "Corr 2015"]
[Source "ChessBase"]
[SourceDate "2015.07.17"]
[SourceVersion "1"]
[SourceVersionDate "2015.07.17"]
[SourceQuality "1"]

1. c4 e5 2. Nc3 Nf6 3. Nf3 Nc6 4. d4 exd4 5. Nxd4 Bb4 6. Nxc6 dxc6 7. Qxd8+ Kxd8 8. Bd2 Ke7 9. e4 Rd8 10. f3 Be6 11. 0-0-0 Bd6 12. Re1 Nd7 13. Nd5+ cxd5 14. exd5 Nf8 15. g3 Kd7 16. dxe6+ Nxe6 17. Bh3 g6 18. Bxe6+ fxe6 19. f4 a6 20. Re4 b5 21. Rd1 bxc4 22. Rxc4 Rab8 23. Ba5 Rb7 24. Bc3 Rb5 25. Kc2 Rd5 26. Re1 h6 27. h4 Re8 28. Bg7 Bf8 29. Be5 Bd6 30. Rce4 Rc5+ 31. Kb1 g5 32. fxg5 hxg5 33. h5 Rxe5 34. Rxe5 Bxe5 35. Rxe5 g4 36. h6 Rh8 37. Rg5 Rxh6 38. Rxg4 e5 39. Rh4 1/2-1/2

[Event "IECC CL3-2004.26 email"]
[Site "IECC email"]
[Date "2005.01.10"]
[Round "?"]
[White "Baumann, Dariusz"]
[Black "Jordan, Tanya"]
[Result "1/2-1/2"]
[WhiteElo "1840"]
[BlackElo "1901"]
[PlyCount "135"]
[EventDate "2005.??.??"]
[EventType "tourn (corr)"]
[EventRounds "4"]
[SourceTitle "Corr 2008"]
[Source "ChessBase"]
[SourceDate "2008.06.24"]
[SourceVersion "1"]
[SourceVersionDate "2008.06.24"]
[SourceQuality "1"]

1. e4 e5 2. Nf3 Nc6 3. Bb5 a6 4. Ba4 d6 5. c3 Bd7 6. d4 g6 7. 0-0 Bg7 8. d5 Nce7 9. Bxd7+ Qxd7 10. c4 Nf6 11. Nc3 0-0 12. c5 Ne8 13. Be3 dxc5 14. Bxc5 Nd6 15. Qb3 b6 16. Bb4 a5 17. Bxd6 cxd6 18. Nd2 f5 19. f3 Qc7 20. Rac1 Qc5+ 21. Kh1 Bh6 22. Ncb1 Qb4 23. Rc4 Qxb3 24. axb3 Ra7 25. Rc2 b5 26. g3 Be3 27. Kg2 Kg7 28. h4 h6 29. Re1 Bd4 30. Re2 Rb7 31. Nf1 g5 32. hxg5 hxg5 33. Ne3 f4 34. gxf4 Ng6 35. Nf5+ Rxf5 36. exf5 Nxf4+ 37. Kf1 Nxe2 38. Kxe2 Kf6 39. Nd2 Kxf5 40. Rc6 Rh7 41. Rxd6 Rh2+ 42. Kd3 Rh3 43. Ke2 g4 44. Rd8 Bc5 45. d6 Rh2+ 46. Kd3 gxf3 47. d7 Ke6 48. Rc8 Bb4 49. d8Q Rxd2+ 50. Ke3 Rxd8 51. Rxd8 e4 52. Rh8 Bc5+ 53. Kxe4 f2 54. Rh1 Kd6 55. Kd3 Ba7 56. Ke2 Bd4 57. Rh5 Kc6 58. Rf5 Kb6 59. Rf4 Bc5 60. Rf6+ Kc7 61. Kd3 Ba7 62. Ke4 Kb7 63. Kd5 Be3 64. Rf7+ Ka6 65. Kc6 Bd4 66. Rf4 b4 67. Rf5 Bb6 68. Rf8 1/2-1/2

[Event "IECC CL3-2004.25 email"]
[Site "IECC email"]
[Date "2004.12.18"]
[Round "?"]
[White "Kutkaitis, Romualdas"]
[Black "Jordan, Tanya"]
[Result "1/2-1/2"]
[WhiteElo "1932"]
[BlackElo "1889"]
[PlyCount "109"]
[EventDate "2004.??.??"]
[EventType "tourn (corr)"]
[EventRounds "4"]
[SourceTitle "Corr 2008"]
[Source "ChessBase"]
[SourceDate "2008.06.24"]
[SourceVersion "1"]
[SourceVersionDate "2008.06.24"]
[SourceQuality "1"]

1. d4 d5 2. c4 e6 3. Nc3 Nf6 4. cxd5 exd5 5. Bg5 Be7 6. e3 0-0 7. Bd3 Re8 8. Nf3 Nbd7 9. 0-0 c6 10. Qc2 Nf8 11. h3 Ne4 12. Bf4 Ng5 13. Bxg5 Bxg5 14. b4 Bf6 15. b5 Bd7 16. Qb3 Be7 17. Ne5 Bd6 18. Nxd7 Qxd7 19. Rab1 Rac8 20. bxc6 bxc6 21. Qa4 Rb8 22. Qc2 g6 23. Na4 Ne6 24. Rxb8 Rxb8 25. Rc1 Rc8 26. Bf1 f5 27. g3 Ng5 28. Nc5 Qe7 29. Qd1 Bxg3 30. fxg3 Qxe3+ 31. Kg2 f4 32. Qe1 Qxd4 33. Qf2 Qxf2+ 34. Kxf2 fxg3+ 35. Kxg3 Re8 36. Bg2 Re2 37. Nd7 Rxa2 38. Rxc6 Ra3+ 39. Kh2 d4 40. Rd6 Nf3+ 41. Bxf3 Rxf3 42. Rxd4 Rf5 43. Rd6 a5 44. Nf6+ Kg7 45. Ne4 Rf4 46. Rd7+ Rf7 47. Rd4 Kh6 48. Kg3 Rb7 49. Rd5 a4 50. Ra5 Rb3+ 51. Kg4 Rb4 52. Kf4 Rb3 53. h4 Rb4 54. Ra7 Rd4 55. Kf3 1/2-1/2

[Event "IECC CL3-2004.22 email"]
[Site "IECC email"]
[Date "2004.10.25"]
[Round "?"]
[White "Champion, William R"]
[Black "Jordan, Tanya"]
[Result "1/2-1/2"]
[WhiteElo "1940"]
[BlackElo "1908"]
[PlyCount "103"]
[EventDate "2004.??.??"]
[EventType "tourn (corr)"]
[EventRounds "4"]
[SourceTitle "Corr 2008"]
[Source "ChessBase"]
[SourceDate "2008.06.24"]
[SourceVersion "1"]
[SourceVersionDate "2008.06.24"]
[SourceQuality "1"]

1. Nf3 Nf6 2. d4 e6 3. c4 d5 4. g3 dxc4 5. Qa4+ Nbd7 6. Bg2 a6 7. Qxc4 b5 8. Qc2 Bb7 9. 0-0 c5 10. dxc5 Bxc5 11. Bg5 Rc8 12. Qd1 Qb6 13. Bxf6 Nxf6 14. Nbd2 0-0 15. e3 Rfd8 16. Qe2 Nd5 17. Nb3 Be7 18. Rfd1 Nb4 19. Ne1 Bxg2 20. Kxg2 Rxd1 21. Qxd1 Rd8 22. Qe2 Qd6 23. a3 Qd5+ 24. Kg1 Qxb3 25. axb4 Rd6 26. e4 Qxb4 27. Nf3 a5 28. Rc1 Rd8 29. Rc7 Bf6 30. Rb7 Qxb2 31. Qxb2 Bxb2 32. Rxb5 Bc3 33. Kf1 a4 34. Rc5 Bb4 35. Rc4 a3 36. Rxb4 a2 37. Ra4 Rd1+ 38. Ke2 a1Q 39. Rxa1 Rxa1 40. h4 Ra3 41. Nd2 h5 42. Nf1 f6 43. f4 Kf7 44. Ne3 Kg6 45. f5+ Kf7 46. Kf2 Rb3 47. Ke2 g6 48. fxg6+ Kxg6 49. Kf3 Ra3 50. Kf2 Ra4 51. Kf3 Ra1 52. Kf2 1/2-1/2

[Event "IECC M-5143"]
[Site "IECC email"]
[Date "2004.10.21"]
[Round "?"]
[White "Jordan, Tanya"]
[Black "Magne, Greg"]
[Result "1-0"]
[WhiteElo "1900"]
[BlackElo "1788"]
[PlyCount "85"]
[EventDate "2004.??.??"]
[EventType "tourn (corr)"]
[EventRounds "10"]
[SourceTitle "Corr 2020"]
[Source "ChessBase"]
[SourceDate "2019.09.30"]
[SourceVersion "1"]
[SourceVersionDate "2019.09.30"]
[SourceQuality "1"]
[WhiteTeam "England"]
[BlackTeam "Canada"]
[WhiteTeamCountry "ENG"]
[BlackTeamCountry "CAN"]

1. e4 e5 2. Nf3 Nc6 3. d4 exd4 4. c3 dxc3 5. Nxc3 Bb4 6. Bc4 d6 7. 0-0 Bxc3 8. bxc3 Nf6 9. Qb3 0-0 10. Bd3 b6 11. Bg5 Bg4 12. Qa4 Ne5 13. Nxe5 dxe5 14. Bc4 a6 15. f3 Qd7 16. Qb3 Be6 17. Bxe6 Qxe6 18. Qxe6 fxe6 19. Rad1 Rad8 20. Bh4 Rd7 21. Bg3 Rfd8 22. Rxd7 Rxd7 23. Bxe5 Kf7 24. Rb1 Ne8 25. a4 Rd2 26. h4 Nd6 27. h5 a5 28. Kh2 Ke7 29. Ra1 g6 30. hxg6 hxg6 31. Kg3 c6 32. Rb1 Nc4 33. Bc7 Ne3 34. f4 Rc2 35. Bxb6 Rxc3 36. Bxa5 Rd3 37. Rb7+ Kd6 38. Bc7+ Kc5 39. Bb6+ Kc4 40. a5 c5 41. a6 Ra3 42. a7 Kb5 43. Ba5+ 1-0

[Event "IECC M-5142"]
[Site "IECC email"]
[Date "2004.10.18"]
[Round "?"]
[White "De Leeuw, Dirk"]
[Black "Jordan, Tanya"]
[Result "1-0"]
[WhiteElo "2012"]
[BlackElo "1904"]
[PlyCount "57"]
[EventDate "2004.??.??"]
[EventType "tourn (corr)"]
[EventRounds "10"]
[SourceTitle "Corr 2020"]
[Source "ChessBase"]
[SourceDate "2019.09.30"]
[SourceVersion "1"]
[SourceVersionDate "2019.09.30"]
[SourceQuality "1"]
[WhiteTeam "Netherlands"]
[BlackTeam "England"]
[WhiteTeamCountry "NED"]
[BlackTeamCountry "ENG"]

1. d4 d5 2. c4 e6 3. Nc3 c6 4. e4 dxe4 5. Nxe4 Bb4+ 6. Bd2 Qxd4 7. Bxb4 Qxe4+ 8. Be2 Qxg2 9. Bf3 Qg5 10. Ne2 Nd7 11. Rg1 Qh4 12. Rxg7 Ne5 13. Qb3 Ne7 14. Bxe7 Qxe7 15. 0-0-0 Qh4 16. Kb1 Qxf2 17. Rg3 Qxh2 18. Qc3 f6 19. Nf4 Bd7 20. Bh5+ Kd8 21. Qe1 Nxc4 22. Rxd7+ Kxd7 23. Qxe6+ Kc7 24. Rg7+ Kb8 25. Qxc4 Qh1+ 26. Kc2 a5 27. Qd4 Ra7 28. Rd7 Ra6 29. Be2 1-0

[Event "IECC M-5142"]
[Site "IECC email"]
[Date "2004.10.18"]
[Round "?"]
[White "Jordan, Tanya"]
[Black "De Leeuw, Dirk"]
[Result "1/2-1/2"]
[WhiteElo "1921"]
[BlackElo "2029"]
[PlyCount "125"]
[EventDate "2004.??.??"]
[EventType "tourn (corr)"]
[EventRounds "10"]
[SourceTitle "Corr 2020"]
[Source "ChessBase"]
[SourceDate "2019.09.30"]
[SourceVersion "1"]
[SourceVersionDate "2019.09.30"]
[SourceQuality "1"]
[WhiteTeam "England"]
[BlackTeam "Netherlands"]
[WhiteTeamCountry "ENG"]
[BlackTeamCountry "NED"]

1. d4 Nf6 2. c4 e6 3. Nf3 b6 4. Bf4 Bb7 5. e3 Be7 6. h3 c5 7. dxc5 bxc5 8. Be2 Qb6 9. 0-0 0-0 10. Qc2 Nc6 11. Nc3 Rfd8 12. a3 d6 13. Bd3 Rab8 14. Rfb1 Ba8 15. Kh1 a6 16. b3 Na7 17. Nd2 Qb7 18. f3 Nc6 19. g4 Ne5 20. Bxe5 dxe5 21. Rd1 h6 22. Nce4 Ne8 23. Ng3 Nd6 24. Nge4 Qc7 25. Nxd6 Rxd6 26. Bh7+ Kh8 27. Be4 Bg5 28. Bxa8 Rxa8 29. Nf1 Rad8 30. Kg2 Kg8 31. Kg1 Qc6 32. Kf2 Bf6 33. Rxd6 Qxd6 34. Rb1 a5 35. Ke2 e4 36. Qxe4 Bh4 37. Qc2 Qc7 38. Rd1 Rb8 39. Ra1 Bf6 40. Rb1 Rd8 41. Rd1 Rxd1 42. Qxd1 Bb2 43. a4 Bc3 44. f4 g5 45. Ng3 gxf4 46. exf4 Qb8 47. Ne4 Bd4 48. Kf3 f5 49. Nd2 Bc3 50. Nf1 Qb7+ 51. Kf2 Qe4 52. gxf5 Qxf4+ 53. Qf3 Bd4+ 54. Kg2 Qg5+ 55. Qg4 Qxg4+ 56. hxg4 exf5 57. gxf5 Kg7 58. Kf3 Kf6 59. Ke4 h5 60. Nd2 Be5 61. Nf3 Bg3 62. Ng1 h4 63. Nh3 1/2-1/2

[Event "IECC M-5130"]
[Site "IECC email"]
[Date "2004.10.04"]
[Round "?"]
[White "Johnson, Bernie"]
[Black "Jordan, Tanya"]
[Result "1-0"]
[WhiteElo "1829"]
[BlackElo "1886"]
[PlyCount "47"]
[EventDate "2004.??.??"]
[EventType "tourn (corr)"]
[EventRounds "10"]
[SourceTitle "Corr 2020"]
[Source "ChessBase"]
[SourceDate "2019.09.30"]
[SourceVersion "1"]
[SourceVersionDate "2019.09.30"]
[SourceQuality "1"]
[WhiteTeam "United States"]
[BlackTeam "England"]
[WhiteTeamCountry "USA"]
[BlackTeamCountry "ENG"]

1. e4 c5 2. Nf3 e6 3. d4 cxd4 4. Nxd4 Nf6 5. Nc3 Nc6 6. Ndb5 Bc5 7. Nd6+ Ke7 8. Nxc8+ Rxc8 9. Bd3 Qc7 10. 0-0 h5 11. Bg5 h4 12. h3 Ne5 13. Na4 Bd6 14. f4 Nxd3 15. Qxd3 Qxc2 16. Qxc2 Rxc2 17. e5 Bb8 18. Nc3 d6 19. Rae1 Rxc3 20. bxc3 Rh5 21. g4 hxg3 22. h4 Bc7 23. Kg2 dxe5 24. fxe5 1-0

[Event "IECC CL3-2004.14 email"]
[Site "IECC email"]
[Date "2004.05.26"]
[Round "?"]
[White "Oliveira, Ricardo Jorge GB"]
[Black "Jordan, Tanya"]
[Result "1-0"]
[WhiteElo "1604"]
[BlackElo "1948"]
[PlyCount "77"]
[EventDate "2004.??.??"]
[EventType "tourn (corr)"]
[EventRounds "4"]
[SourceTitle "Corr 2008"]
[Source "ChessBase"]
[SourceDate "2008.06.24"]
[SourceVersion "1"]
[SourceVersionDate "2008.06.24"]
[SourceQuality "1"]

1. d4 d5 2. Nf3 Nf6 3. c4 e6 4. Nc3 dxc4 5. e4 Bb4 6. Bg5 h6 7. Bxf6 Qxf6 8. Bxc4 Qg6 9. 0-0 Bxc3 10. bxc3 Qxe4 11. Re1 Qf4 12. Qa4+ Bd7 13. Qb4 b6 14. Ne5 Qf5 15. Rad1 Nc6 16. Nxc6 Bxc6 17. d5 Bd7 18. dxe6 fxe6 19. Re3 0-0-0 20. Ba6+ Kb8 21. Red3 c5 22. Qh4 c4 23. Bxc4 b5 24. Qg3+ Kc8 25. Qd6 Qe4 26. Qa6+ Qb7 27. Qxb7+ Kxb7 28. Bxb5 Bxb5 29. Rxd8 Rxd8 30. Rxd8 g6 31. Rg8 Bd3 32. f4 h5 33. Kf2 Bb1 34. Ke3 a5 35. a3 Bf5 36. Kd4 a4 37. Kc5 Bd3 38. Kd6 Kb6 39. Rb8+ 1-0

[Event "IECC CL3-2004.14 email"]
[Site "IECC email"]
[Date "2004.05.26"]
[Round "?"]
[White "Parwicz, Witold"]
[Black "Jordan, Tanya"]
[Result "1-0"]
[WhiteElo "1869"]
[BlackElo "1886"]
[PlyCount "107"]
[EventDate "2004.??.??"]
[EventType "tourn (corr)"]
[EventRounds "4"]
[SourceTitle "Corr 2008"]
[Source "ChessBase"]
[SourceDate "2008.06.24"]
[SourceVersion "1"]
[SourceVersionDate "2008.06.24"]
[SourceQuality "1"]

1. d4 Nf6 2. c4 e6 3. Nc3 Bb4 4. f3 d5 5. a3 Be7 6. e4 dxe4 7. fxe4 e5 8. d5 Bc5 9. Nf3 Ng4 10. Na4 Bf2+ 11. Ke2 Bh4 12. g3 Be7 13. h3 Nf6 14. Qc2 0-0 15. Kf2 Bd7 16. Nc3 Bc5+ 17. Kg2 Qe7 18. b4 Bd4 19. Bd3 a5 20. b5 Re8 21. Nxd4 exd4 22. Ne2 Nxe4 23. Bf4 f5 24. Bxc7 Qc5 25. Bf4 b6 26. Rhd1 h6 27. Bc1 Ra7 28. a4 Bc8 29. Ba3 Qc7 30. Re1 Nd7 31. Bxe4 fxe4 32. Nxd4 Nf6 33. Nc6 Rb7 34. Re3 Qd7 35. Rh1 Qf7 36. Qe2 h5 37. Qf2 Qg6 38. Qf4 Nh7 39. Ne5 Qg5 40. Qxe4 Nf6 41. Qf4 Qxf4 42. gxf4 Bf5 43. Rc1 h4 44. d6 Nh5 45. Kf3 Nf6 46. c5 bxc5 47. Bxc5 Bxh3 48. Rh1 Bf5 49. Rxh4 Bc2 50. f5 Bxf5 51. Nc6 Rxe3+ 52. Kxe3 Bd7 53. Kd4 g5 54. Rh1 1-0